Sofia Wylie Movies and Shows! - Statistics

General Stats
  • This quiz has been taken 6 times
  • The average score is 3 of 12
Answer Stats
Group Year Answer % Correct
Series 2019-Present High School Musical: The Musical: The Series
83%
Series 2017-2019 Andi Mack
67%
Movie 2019 Back of the Net
33%
Mini-Series 2019 Shook
33%
Movie 2022 The School For Good and Evil
33%
TV Movie 2019 Marvel Rising: Heart of Iron
17%
Series 2019 Spider-Man
17%
Music Video 2017 Ducktales Theme Song
0%
Music Video 2018 Legendary
0%
TV Movie 2019 Marvel Rising: Battle of the Bands
0%
Series 2017 Nicky, Ricky, Dicky and Dawn
0%
TV Movie 2019 Spider-Man: Maximum Venom
0%
No matching quizzes found
Score Distribution
Percent of People with Each Score
Percentile by Number Answered
Your Score History
You have not taken this quiz